Harry Potter 100 mots les plus cités par chapitre- 1.2 - Statistiques

Statistiques générales
  • Ce quiz a été pris 50 fois
  • Le résultat moyen est 41 sur 100
Statistiques - réponses
Nombre d'apparitions Mot % Correct
71 l
96%
42 s
96%
53 d
94%
88 à
91%
8 t
91%
95 le
89%
34 c
87%
122 la
87%
10
87%
9
87%
7 ou
87%
31 n
83%
75 Harry
81%
125 il
81%
27 ce
74%
182 de
74%
18 elle
74%
54 les
70%
40 se
70%
21 du
68%
13 est
68%
80 et
68%
68 un
68%
48 une
68%
9 tu
64%
24 sa
62%
9 ils
60%
9 je
60%
51 qu
60%
25 des
57%
21 mais
57%
24 son
55%
55 en
53%
24 pour
53%
37 qui
51%
9 ça
49%
52 que
49%
21 ses
49%
41 dans
45%
37 ne
45%
45 pas
45%
19 Vernon
45%
51 Dudley
43%
28 au
40%
22 Pétunia
40%
18 sur
40%
73 était
38%
56 avait
36%
14 avec
36%
19 Dursley
36%
8 sans
36%
7 y
36%
6 si
34%
29 tante
34%
25 oncle
32%
17 tout
32%
9 fait
30%
32 lui
30%
6 peu
30%
11 cette
28%
20 dit
28%
15 serpent
28%
6 autre/avant
26%
8 maison
26%
6 tous
26%
9 vitre
26%
10 voiture
26%
22 plus
23%
8 comme
21%
9 leur
21%
9 petit
21%
7 été
19%
8 être
19%
8 faire
19%
6 cage/devant
17%
6 gros
17%
6 toujours
17%
6 vers
17%
8 avoir
15%
14 bien
15%
10 fois
15%
6 parents
15%
10 placard
15%
6 air/alors
13%
7 cheveux
13%
8 rien
13%
7 yeux
13%
10 tête
11%
7 cuisine
9%
10 même
9%
6 encore
6%
6 eut
6%
13 Piers
6%
8 porte
6%
6 Mrs
4%
7 pouvait
4%
6 rêve
4%
6 souvent
4%
7 aurait
2%
8 moment
2%
Aucun quiz correspondant
Distribution des résultats
% des personnes avec chaque résultat
Percentile par nombre de réponses
Votre historique - résultats
Vous n’avez pas pris ce quiz